Red Haired People in History - Statistics

General Stats
  • This quiz has been taken 137 times
  • The average score is 9 of 14
Answer Stats
Hint Answer % Correct
Virgin Queen Elizabeth I
97%
U.K. Prime Minister throughout most of WWII Winston Churchill
91%
Cut his ear off Vincent van Gogh
89%
Longest ever reigning female Russian leader Catherine the Great
83%
Europe's first female prime minister Margaret Thatcher
80%
Opened the way for widespread European exploration and colonization of the Americas Christopher Columbus
73%
The Last Supper Leonardo da Vinci
71%
Led armies of the Parliament of England against Charles I during the English Civil War Oliver Cromwell
65%
father of observational astronomy Galileo Galilei
63%
Queen of the Iceni Boudica
59%
U.S. President 1923-1929 Calvin Coolidge
52%
Sons and Lovers D.H. Lawrence
30%
Pharaoh who was regarded as the 'Great Ancestor' Ramesses II
25%
The Colossus and Other Poems Sylvia Plath
4%
No matching quizzes found
Score Distribution
Percent of People with Each Score
Percentile by Number Answered
Your Score History
You have not taken this quiz